Biblioteca

Jesus / Eduard Schweizer ; Translated by David E. Green (Registro nro. 46568)

Detalles MARC
000 -LÍDER
Campo fijo de descripción fija 009640000a22002170004500
020 ## - NÚMERO INTERNACIONAL NORMALIZADO PARA LIBROS
Número Internacional Normalizado del libro 0-8042-0330-X
082 04 - NÚMERO DE CLASIFICACIÓN DECIMAL DEWEY
Número de clasificación G 232.9 S4136j
001 - NÚMERO DE CONTROL
Campo de control 20217
100 1# - ASIENTO PRINCIPAL--NOMBRE PERSONAL
Nombre personal Schweizer, Eduard
245 10 - TÍTULO
Título del Material Jesus / Eduard Schweizer ; Translated by David E. Green
260 ## - PUBLICACIÓN, DISTRIBUCIÓN, ETC. (PIE DE IMPRENTA)
Lugar de publicación, distribución, etc. Richmond, Virginia : John Knox Press
300 ## - DESCRIPCIÓN FÍSICA
Extensión 200 páginas
336 ## - CONTENT TYPE
Content type term texto
Content type code txt
Source rdacontent
337 ## - MEDIA TYPE
Source rdamedia
Media type term sin mediación
Media type code n
338 ## - CARRIER TYPE
Source rdacarrier
Carrier type term volumen
Carrier type code nc
500 ## - NOTA GENERAL
Nota General Título original en alemán: Jesus Christus \ Incluye índices (p. 195-200)
501 ## - NOTA DE “CON”
Nota de Contenido Pasta dura
505 00 - NOTA DE CONTENIDO
Nota de contenido con formato preestablecido El Nuevo Testamento - Jesús, hombre que no se ajusta a ninguna fórmula - El Jesús que pronto volverá - El Jesús celestial - El Jesús crucificado por el mundo - El Jesús terrenal, el evangelio - Innovaciones con los albores de la historia de la iglesia
650 14 - ASIENTO SECUNDARIO DE MATERIA - TERMINO TEMÁTICO
Término temático o nombre geográfico como elemento de entrada Jesucristo - Biografía \ Interpretación de la Biblia N.T. \ Cristianismo \ Evangelios
942 ## - TIPO DE MATERIAL (KOHA)
Tipo de Item KOHA Libros General
Existencias
Estado de Material Estado de Perdido Estado de Dañado No para Préstamo Colección Tomo Biblioteca de Origen Biblioteca Permanente Fecha de Adquisición Total de Préstamos Signatura Topográfica Código de Barras Última vez visto Última vez Préstado Ejemplar/Existencia Fecha de Remplazo Tipo de Material
        Colección General   Biblioteca FUSBC Biblioteca FUSBC 13/07/2015 1 G 232.9 S4136j 20666 08/10/2021 21/06/2017 1 26/01/2016 Libros General

Biblioteca FUSBC | Teléfono: (57+4) 349 88 10 Ext. 141| WhatsApp (+57) 3005338115 
E-mail: biblioteca@unisbc.edu.co | Calle 76 87-14 Robledo Palenque, Medellín, Colombia

Con tecnología Koha